| 000 | 00519nam a22001697a 4500 | ||
|---|---|---|---|
| 999 |
_c121538 _d121538 |
||
| 005 | 20210301114345.0 | ||
| 008 | 210301b ||||| |||| 00| 0 eng d | ||
| 040 | _cPK-LaUMT | ||
| 082 |
_aRHC 320.95491 _bGHA-A |
||
| 100 | _aGhafoor Ahmad = غفور احمد | ||
| 245 |
_aAur election nah ho sakay = اور الیکشن نہ ہو سکے / _cby Ghafoor Ahmad = غفور احمد |
||
| 260 |
_aLahore : _bJang Publishers, _c1990 |
||
| 300 | _a380 p. | ||
| 546 | _aUrdu | ||
| 650 | _aPakistan-Politics | ||
| 942 | _cBK | ||